Sports Quiz

Random Sports or Football Quiz

1980-2011 NCAA Bowl Winners Quiz Stats

 Plays Quiz not verified by Sporcle

Challenge
Share
Tweet
Embed
Score 0/258 Timer 04:00
0 Plays Today
Bowl Winner % Correct
BCS National ChampionshipFlorida
98.4%
BCS National ChampionshipFlorida
98.4%
Sugar BowlFlorida
98.4%
Sugar BowlFlorida
98.4%
Sugar BowlFlorida
98.4%
Orange BowlFlorida
98.4%
Orange BowlFlorida
98.4%
Gator BowlFlorida
98.4%
Gator BowlFlorida
98.4%
BCS National ChampionshipAlabama
98.2%
Sugar BowlAlabama
98.2%
Sugar BowlAlabama
98.2%
Cotton BowlAlabama
98.2%
Cotton BowlAlabama
98.2%
Gator BowlAlabama
98.2%
Sun BowlAlabama
98.2%
Sun BowlAlabama
98.2%
Sun BowlAlabama
98.2%
Rose BowlTexas
97.2%
Rose BowlTexas
97.2%
Fiesta BowlTexas
97.2%
Cotton BowlTexas
97.2%
Cotton BowlTexas
97.2%
Cotton BowlTexas
97.2%
Sun BowlTexas
97.2%
Holiday BowlTexas
97.2%
Holiday BowlTexas
97.2%
Sugar BowlTie between Auburn and Syracuse
97.2%
Sun BowlTie between Arizona and Georgia
96.5%
BCS National ChampionshipAuburn
96.2%
Sugar BowlAuburn
96.2%
Sugar BowlAuburn
96.2%
Cotton BowlAuburn
96.2%
Rose BowlUSC
96%
Rose BowlUSC
96%
Rose BowlUSC
96%
Rose BowlUSC
96%
Rose BowlUSC
96%
Rose BowlUSC
96%
Rose BowlUSC
96%
Rose BowlUSC
96%
Orange BowlUSC
96%
Orange BowlUSC
96%
Cotton BowlUSC
96%
Rose BowlMichigan
95.8%
Rose BowlMichigan
95.8%
Rose BowlMichigan
95.8%
Rose BowlMichigan
95.8%
Orange BowlMichigan
95.8%
Fiesta BowlMichigan
95.8%
Gator BowlMichigan
95.8%
Sun BowlMichigan
95.8%
Holiday BowlMichigan
95.8%
BCS National ChampionshipLSU
95.4%
Sugar BowlLSU
95.4%
Sugar BowlLSU
95.4%
Sugar BowlLSU
95.4%
Cotton BowlLSU
95.4%
Gator BowlLSU
95.4%
Rose BowlOhio State
94.6%
Rose BowlOhio State
94.6%
Sugar BowlOhio State
94.6%
Sugar BowlOhio State
94.6%
Fiesta BowlOhio State
94.6%
Fiesta BowlOhio State
94.6%
Fiesta BowlOhio State
94.6%
Fiesta BowlOhio State
94.6%
Cotton BowlOhio State
94.6%
Holiday BowlOhio State
94.6%
Holiday BowlOhio State
94.6%
Rose BowlOklahoma
94.1%
Orange BowlOklahoma
94.1%
Orange BowlOklahoma
94.1%
Orange BowlOklahoma
94.1%
Orange BowlOklahoma
94.1%
Orange BowlOklahoma
94.1%
Fiesta BowlOklahoma
94.1%
Cotton BowlOklahoma
94.1%
Gator BowlOklahoma
94.1%
Sun BowlOklahoma
94.1%
Sun BowlOklahoma
94.1%
Sun BowlOklahoma
94.1%
Holiday BowlOklahoma
94.1%
Sugar BowlFlorida State
92.5%
Sugar BowlFlorida State
92.5%
Sugar BowlFlorida State
92.5%
Bowl Winner % Correct
Sugar BowlFlorida State
92.5%
Orange BowlFlorida State
92.5%
Orange BowlFlorida State
92.5%
Orange BowlFlorida State
92.5%
Fiesta BowlOregon
92.5%
Fiesta BowlFlorida State
92.5%
Fiesta BowlFlorida State
92.5%
Cotton BowlFlorida State
92.5%
Gator BowlFlorida State
92.5%
Gator BowlFlorida State
92.5%
Gator BowlFlorida State
92.5%
Gator BowlFlorida State
92.5%
Gator BowlFlorida State
92.5%
Sun BowlOregon
92.5%
Sun BowlOregon
92.5%
Holiday BowlOregon
92.5%
Holiday BowlOregon
92.5%
Sugar BowlGeorgia
91.2%
Sugar BowlGeorgia
91.2%
Sugar BowlGeorgia
91.2%
Cotton BowlGeorgia
91.2%
Gator BowlGeorgia
91.2%
Rose BowlMichigan State
90.1%
Rose BowlUCLA
89.5%
Rose BowlUCLA
89.5%
Rose BowlUCLA
89.5%
Fiesta BowlUCLA
89.5%
Cotton BowlUCLA
89.5%
Cotton BowlUCLA
89.5%
Sun BowlUCLA
89.5%
Sun BowlUCLA
89.5%
Rose BowlMiami
89.4%
Sugar BowlMiami
89.4%
Sugar BowlMiami
89.4%
Orange BowlMiami
89.4%
Orange BowlMiami
89.4%
Orange BowlMiami
89.4%
Orange BowlMiami
89.4%
Orange BowlMiami
89.4%
Cotton BowlMiami
89.4%
Gator BowlMiami
89.4%
Holiday BowlTie betwee BYU and Iowa
89.4%
Rose BowlWisconsin
88.9%
Rose BowlWisconsin
88.9%
Rose BowlWisconsin
88.9%
Sun BowlWisconsin
88.9%
Rose BowlWashington
88.4%
Rose BowlWashington
88.4%
Rose BowlWashington
88.4%
Rose BowlWashington
88.4%
Orange BowlWashington
88.4%
Holiday BowlWashington
88.4%
Rose BowlPenn State
88.3%
Sugar BowlPenn State
88.3%
Orange BowlPenn State
88.3%
Fiesta BowlPenn State
88.3%
Fiesta BowlPenn State
88.3%
Fiesta BowlPenn State
88.3%
Fiesta BowlPenn State
88.3%
Fiesta BowlPenn State
88.3%
Holiday BowlPenn State
88.3%
Fiesta BowlArizona
85.1%
Holiday BowlArizona
85.1%
Sugar BowlNebraska
83.9%
Sugar BowlNebraska
83.9%
Orange BowlNebraska
83.9%
Orange BowlNebraska
83.9%
Orange BowlNebraska
83.9%
Orange BowlNebraska
83.9%
Fiesta BowlNebraska
83.9%
Fiesta BowlNebraska
83.9%
Gator BowlNebraska
83.9%
Sun BowlNebraska
83.9%
Holiday BowlNebraska
83.9%
Sugar BowlTennessee
83.5%
Sun BowlOklahoma State
82.9%
Holiday BowlOklahoma State
82.9%
Orange BowlStanford
82.8%
Sun BowlStanford
82.8%
Fiesta BowlBoise State
82.6%
Fiesta BowlBoise State
82.6%
Sugar BowlNotre Dame
82.6%
Orange BowlNotre Dame
82.6%
Fiesta BowlNotre Dame
82.6%
Cotton BowlNotre Dame
82.6%
Cotton BowlNotre Dame
82.6%
Bowl Winner % Correct
Sun BowlNotre Dame
82.6%
Orange BowlKansas
82.4%
Orange BowlIowa
82.3%
Sun BowlIowa
82.3%
Holiday BowlIowa
82.3%
Holiday BowlIowa
82.3%
Rose BowlArizona State
82.1%
Fiesta BowlArizona State
82.1%
Sun BowlArizona State
82.1%
Sun BowlArizona State
82.1%
Fiesta BowlTennessee
81.9%
Sugar BowlTennessee
81.8%
Cotton BowlTennessee
81.8%
Cotton BowlTennessee
81.8%
Gator BowlTennessee
81.8%
Fiesta BowlOregon State
80.9%
Sun BowlOregon State
80.9%
Sun BowlOregon State
80.9%
Gator BowlOklahoma State
80.7%
Rose BowlTCU
80.5%
Sun BowlTCU
80.5%
Sugar BowlVirginia Tech
79.6%
Orange BowlVirginia Tech
79.6%
Cotton BowlTexas A&M
79.6%
Cotton BowlTexas A&M
79.6%
Gator BowlVirginia Tech
79.6%
Gator BowlVirginia Tech
79.6%
Holiday BowlTexas A&M
79.6%
Gator BowlGeorgia Tech
77.3%
Cotton BowlMississippi
76.8%
Cotton BowlMississippi
76.8%
Cotton BowlMississippi
76.8%
Fiesta BowlKansas State
76.4%
Cotton BowlKansas State
76.4%
Holiday BowlKansas State
76.4%
Holiday BowlKansas State
76.4%
Holiday BowlKansas State
76.4%
Sugar BowlUtah
76.3%
Fiesta BowlUtah
76.3%
Sun BowlWashington State
76.1%
Holiday BowlWashington State
76.1%
Gator BowlTexas Tech
75.8%
Holiday BowlTexas Tech
75.8%
Cotton BowlArkansas
75.2%
Holiday BowlArkansas
75.2%
Orange BowlColorado
74.4%
Fiesta BowlColorado
74.4%
Cotton BowlColorado
74.4%
Holiday BowlColorado
74.4%
Orange BowlClemson
73.5%
Gator BowlClemson
73.5%
Gator BowlClemson
73.5%
Holiday BowlCalifornia
72.9%
Sugar BowlWest Virginia
72%
Fiesta BowlWest Virginia
72%
Gator BowlWest Virginia
72%
Gator BowlNorth Carolina
71.5%
Gator BowlNorth Carolina
71.5%
Gator BowlNorth Carolina
71.5%
Sun BowlNorth Carolina
71.5%
Sugar BowlPittsburgh
68.2%
Fiesta BowlPittsburgh
68.2%
Cotton BowlBYU
68.2%
Gator BowlPittsburgh
68.2%
Sun BowlPittsburgh
68.2%
Holiday BowlBYU
68.2%
Holiday BowlBYU
68.2%
Holiday BowlBYU
68.2%
Holiday BowlBYU
68.2%
Cotton BowlMissouri
66.6%
Fiesta BowlSyracuse
66.2%
Gator BowlSyracuse
66.2%
Gator BowlMississippi State
64.5%
Sun BowlMinnesota
64.2%
Sun BowlPurdue
64%
Orange BowlLouisville
60.7%
Fiesta BowlLouisville
60.7%
Gator BowlMaryland
59.7%
Sun BowlMaryland
59.7%
Sun BowlBaylor
59.1%
Gator BowlNC State
55.7%
Cotton BowlBoston College
51.5%
Cotton BowlSMU
46.8%
Cotton BowlHouston
43.4%
Holiday BowlHawaii
37.7%
Holiday BowlColorado State
30.1%

You're not logged in!

Compare scores with friends on all Sporcle quizzes.
Join for Free
OR
Log In

You Might Also Like...

Show Comments

Extras

Top Quizzes Today


Score Distribution

Your Account Isn't Verified!

In order to create a playlist on Sporcle, you need to verify the email address you used during registration. Go to your Sporcle Settings to finish the process.

Report this User

Report this user for behavior that violates our Community Guidelines.

Details: